| 000 | 01274cam a22003497a 4500 | ||
|---|---|---|---|
| 003 | CHAP | ||
| 005 | 20220329142548.0 | ||
| 008 | 010926d2000 mx r 00110 spa d | ||
| 010 | _a84949 | ||
| 011 | _a85921 | ||
| 020 | _a9688210862 | ||
| 035 | _a96459 | ||
| 040 | _cCHAP | ||
| 082 | 0 | 4 |
_a350 _bM3 |
| 110 | 1 |
_aMéxico. Presidencia de la República. Coordinación General de Estudios Administrativos _977088 |
|
| 245 | 1 | 0 |
_aBases jurídicas de la reforma administrativa del gobierno federal 1976-1982 _c/por Presidencia de la República |
| 250 | _a3ed. | ||
| 260 |
_aMéxico, D.F. : _bPresidencia de la República. Coordinación General de Estudios Administrativos, _c1982. |
||
| 300 | _a444 p. | ||
| 590 |
_aBATCH-UPD _b10 _c20130110 _lUCH01 _h1450 |
||
| 590 |
_aBATCH-UPD _b10 _c20130410 _lUCH01 _h0917 |
||
| 590 |
_aBATCH-UPD _b10 _c20130914 _lUCH01 _h1718 |
||
| 590 |
_aBATCH-UPD _b10 _c20161124 _lUCH01 _h1712 |
||
| 590 |
_aCONVERSION _b10 _c20130109 _lUCH01 _h1347 |
||
| 650 | 1 | 4 |
_aAdministracion publica. _9934 |
| 650 | 1 | 4 |
_aLegislación administrativa. _965652 |
| 651 | 4 |
_aMéxico _xPolítica y gobierno. _976783 |
|
| 901 | _aBK | ||
| 905 | _aAlejandra Carrasco M. | ||
| 942 | _cLIBRO | ||
| 949 |
_a350 M3 _bBC _cLIBRO _d33724000856753 _eLIBRO _h101992 _i96459 _kDon. _sb |
||
| 999 |
_c84949 _d84949 |
||